কানিংহামের প্র্যাক্টিক্যাল এনাটমি ম্যানুয়েল / (Record no. 44780)
[ view plain ]
| 000 -LEADER | |
|---|---|
| fixed length control field | 01452nam a2200289 a 4500 |
| 001 - CONTROL NUMBER | |
| control field | 44780 |
| 003 - CONTROL NUMBER IDENTIFIER | |
| rucl marc code | BD-RjUL |
| 005 - DATE AND TIME OF LATEST TRANSACTION | |
| control field | 20211209053921.0 |
| 008 - FIXED-LENGTH DATA ELEMENTS--GENERAL INFORMATION | |
| fixed length control field | 160720s1986 bg ||||| |||| 00| 0 ben d |
| 020 ## - INTERNATIONAL STANDARD BOOK NUMBER | |
| Terms of availability | : Tk. 300.00 (Vol-2) |
| 035 ## - SYSTEM CONTROL NUMBER | |
| System control number | (BD-RjUL)44898 |
| 040 ## - CATALOGING SOURCE | |
| Original cataloging agency | BD-RjUL |
| Language of cataloging | ben |
| Transcribing agency | BD-RjUL |
| 041 ## - LANGUAGE CODE | |
| Language code of text/sound track or separate title | ben |
| 082 ## - DEWEY DECIMAL CLASSIFICATION NUMBER | |
| Edition number | 23 |
| Classification number | 611 |
| Author mark and year | ROC 1986 |
| 100 ## - MAIN ENTRY--PERSONAL NAME | |
| Personal name | রোমানিজ, জি. জে. |
| 9 (RLIN) | 137275 |
| 245 ## - TITLE STATEMENT | |
| Title | কানিংহামের প্র্যাক্টিক্যাল এনাটমি ম্যানুয়েল / |
| Statement of responsibility, etc. | মূল: জি. জে. রোমানিজ ; অনুবাদক: শুভাগত চৌধুরী |
| 260 ## - PUBLICATION, DISTRIBUTION, ETC. (IMPRINT) | |
| Place of publication, distribution, etc. | ঢাকা : |
| Name of publisher, distributor, etc. | বাংলা একাডেমী, |
| Date of publication, distribution, etc. | ১৯৮৫ -১৯৮৬ |
| 300 ## - PHYSICAL DESCRIPTION | |
| Pagination | খণ্ড ; |
| Size | ২২ সেমি. |
| 490 ## - SERIES STATEMENT | |
| Series statement | বা/এ ; |
| Volume/sequential designation | ১৯১২ (V-2) |
| 505 0# - FORMATTED CONTENTS NOTE | |
| Formatted contents note | খণ্ড ১, ঊর্ধাঙ্গ ও নিম্নাঙ্গ --- খণ্ড ২, বক্ষদেশ ও উদরদেশ -- |
| 650 ## - SUBJECT ADDED ENTRY--TOPICAL TERM | |
| Topical term or geographic name as entry element | মানব অঙ্গব্যবচ্ছেদ-বিদ্যা |
| Form subdivision | ম্যানুয়াল |
| 9 (RLIN) | 161037 |
| Topical term or geographic name as entry element | Human anatomy |
| 9 (RLIN) | 137277 |
| Form subdivision | Manuals |
| 700 ## - ADDED ENTRY--PERSONAL NAME | |
| Personal name | আহমদ, সালেহ, অনুবাদক |
| Personal name | চৌধুরী, শুভাগত, অনুবাদক |
| 830 ## - SERIES ADDED ENTRY--UNIFORM TITLE | |
| Uniform title | বা/এ ; |
| Volume number/sequential designation | ১৯১২ (V-2) |
| 942 ## - ADDED ENTRY ELEMENTS (KOHA) | |
| Source of classification or shelving scheme | Dewey Decimal Classification |
| Koha item type | Books |
| Lost status | Source of classification or shelving scheme | Damaged status | Not for loan | Collection code | Permanent Location | Current Location | Shelving location | Date acquired | Source of acquisition | Total Checkouts | Full call number | Date last seen | Copy number | Koha item type | Cost, normal purchase price |
|---|---|---|---|---|---|---|---|---|---|---|---|---|---|---|---|
| Dewey Decimal Classification | Non-fiction | Central Library, University of Rajshahi | Central Library, University of Rajshahi | 10/10/1992 | Bangla Academy, Dhaka | B 611 ROC V-2 1986 | 20/07/2016 | C-2 | Books | ||||||
| Dewey Decimal Classification | Non-fiction | Central Library, University of Rajshahi | Central Library, University of Rajshahi | 10/10/1992 | Bangla Academy, Dhaka | B 611 ROC V-1 1985 | 18/08/2016 | C-2 | Books | 250.00 | |||||
| Dewey Decimal Classification | Non-fiction | Central Library, University of Rajshahi | Central Library, University of Rajshahi | 24/10/1987 | Bangla Academy | B 611 ROC V-2 1986 | 20/08/2016 | C-3 | Books | 300.00 | |||||
| Dewey Decimal Classification | Non-fiction | Central Library, University of Rajshahi | Central Library, University of Rajshahi | 28/10/1987 | Bangla Academy, Dhaka | B 611 ROC V-1 1985 | 20/08/2016 | C-3 | Books | 250.00 | |||||
| Dewey Decimal Classification | Non-fiction | Central Library, University of Rajshahi | Central Library, University of Rajshahi | 28/10/1987 | Bangla Academy, Dhaka | B 611 ROC V-1 1985 | 20/08/2016 | C-4 | Books | 250.00 | |||||
| Dewey Decimal Classification | Non-fiction | Central Library, University of Rajshahi | Central Library, University of Rajshahi | 24/10/1987 | Bangla Academy, Dhaka | B 611 ROC V-1 1986 | 21/09/2016 | C-5 | Books | 250.00 | |||||
| Dewey Decimal Classification | Non-fiction | Central Library, University of Rajshahi | Central Library, University of Rajshahi | 14/10/1987 | Bangla Academy, Dhaka | B 611 ROC V-2 1986 | 25/09/2016 | C-4 | Books | 300.00 | |||||
| Dewey Decimal Classification | Non-fiction | Central Library, University of Rajshahi | Central Library, University of Rajshahi | 24/10/1987 | Bangla Academy, Dhaka | B 611 ROC V-2 1986 | 26/09/2016 | C-5 | Books | 300.00 | |||||
| Dewey Decimal Classification | Non-fiction | Central Library, University of Rajshahi | Central Library, University of Rajshahi | 24/10/1987 | Bangla Academy, Dhaka | B 611 ROC V-2 1986 | 05/11/2016 | C-6 | Books | 300.00 | |||||
| Dewey Decimal Classification | Not For Loan | Non-fiction | Central Library, University of Rajshahi | Central Library, University of Rajshahi | Reading Room | 24/10/1987 | Dhaka, Bangla Academy | B 611 ROC V-1 1985 | 27/04/2017 | C-1 | Books | 250.00 | |||
| Dewey Decimal Classification | Non-fiction | Central Library, University of Rajshahi | Central Library, University of Rajshahi | 28/10/1987 | Bangla Academy , Dhaka | B 611 ROC 1986 V-2 | 28/12/2020 | C-7 | Books | 300.00 |